[Event "78th Tata Steel GpB"]
[Site "Wijk aan Zee NED"]
[Date "2016.01.20"]
[Round "5"]
[White "L'Ami,E"]
[Black "Antipov,M2"]
[Result "0-1"]
[WhiteElo "2627"]
[BlackElo "2567"]
[EventDate "2016.01.15"]

1. d4 Nf6 2. c4 e6 3. Nc3 Bb4 4. e3 O-O 5. Bd3 c5 6. Nf3 Nc6 7. O-O Bxc3 8.
bxc3 d6 9. e4 e5 10. d5 Ne7 11. Nh4 Ng6 12. Nf5 Nf4 13. Bc2 g6 14. Ne3 N4h5
15. f3 Ne8 16. g3 Neg7 17. Rf2 Bh3 18. Rb1 b6 19. Ng2 f5 20. Bh6 Qf6 21.
exf5 gxf5 22. Qd2 f4 23. Bxg7 Qxg7 24. g4 Nf6 25. Kh1 Qg5 26. Rg1 Kh8 27.
Qe1 Rae8 28. Re2 Nxg4 29. Nh4 Qf6 30. fxg4 f3 31. g5 Qf4 32. g6 Rf6 33. g7+
Kg8 34. Rf2 Qxh4 35. Rxf3 Qxe1 36. Bxh7+ Kf7 37. Rxf6+ Kxf6 38. Rxe1 Kxg7
39. Bd3 Kf6 40. Rg1 e4 41. Be2 Kf5 42. Rg3 Rh8 43. Kg1 Kf4 44. Kf2 Rh6 45.
Kg1 a6 46. a3 Bd7 47. Kg2 Ba4 48. h3 Bd7 49. Bf1 b5 50. cxb5 axb5 51. Kf2
c4 52. Bg2 Bf5 53. Re3 Rg6 54. Bf1 Rg8 0-1

[Event "78th Tata Steel GpB"]
[Site "Wijk aan Zee NED"]
[Date "2016.01.20"]
[Round "5"]
[White "Dreev,A"]
[Black "Van Foreest,Jorden"]
[Result "1/2-1/2"]
[WhiteElo "2644"]
[BlackElo "2541"]
[EventDate "2016.01.15"]

1. d4 Nf6 2. c4 g6 3. Nc3 Bg7 4. e4 d6 5. f3 O-O 6. Nge2 c5 7. Be3 Nc6 8.
Qd2 Qa5 9. Rd1 Bd7 10. b3 a6 11. dxc5 dxc5 12. Nd5 Nxd5 13. exd5 Nb4 14.
Kf2 1/2-1/2

[Event "78th Tata Steel GpB"]
[Site "Wijk aan Zee NED"]
[Date "2016.01.20"]
[Round "5"]
[White "Adhiban,Baskaran"]
[Black "Haast,A"]
[Result "1-0"]
[WhiteElo "2653"]
[BlackElo "2391"]
[EventDate "2016.01.15"]

1. d4 d5 2. c4 dxc4 3. Nf3 Nf6 4. Nc3 c6 5. a4 e6 6. e4 Bb4 7. e5 Nd5 8.
Bd2 Bxc3 9. bxc3 b5 10. Ng5 f5 11. Qh5+ Kd7 12. g4 Qe8 13. Qxe8+ Kxe8 14.
gxf5 exf5 15. axb5 h6 16. Nh3 Bd7 17. Bxc4 Nb6 18. Bb3 cxb5 19. Nf4 g5 20.
Nh5 Bc6 21. d5 Bb7 22. Be3 Kd8 23. Rxa7 Nxd5 24. Rxb7 Nxe3 25. fxe3 Kc8 1-0

[Event "78th Tata Steel GpB"]
[Site "Wijk aan Zee NED"]
[Date "2016.01.20"]
[Round "5"]
[White "Batsiashvili,N"]
[Black "Admiraal,M"]
[Result "1-0"]
[WhiteElo "2485"]
[BlackElo "2441"]
[EventDate "2016.01.15"]

1. d4 d5 2. c4 e6 3. Nc3 Be7 4. Nf3 Nf6 5. Bf4 O-O 6. e3 Nbd7 7. c5 Nh5 8.
Bd3 Nxf4 9. exf4 b6 10. b4 a5 11. a3 c6 12. O-O Qc7 13. g3 Ba6 14. h4 Bxd3
15. Qxd3 Rfb8 16. Kg2 Bf6 17. h5 bxc5 18. bxc5 a4 19. Qc2 Rb7 20. Rab1 Rb3
21. Rxb3 axb3 22. Qxb3 Rb8 23. Qc2 Qa5 24. Nb1 Qb5 25. Nbd2 Qa5 26. Qd3 Qa4
27. Rb1 Rxb1 28. Qxb1 h6 29. Qb7 Nf8 30. Qb4 Qa6 31. Nb3 Bd8 32. Qb8 Bf6
33. Qb6 Qa8 34. Qa5 Qb7 35. Qb4 Qa8 36. Na5 Bd8 37. Nb7 Bc7 38. Ne5 Qa6 39.
Nd6 f6 40. Ng6 Nd7 41. Qe1 e5 42. fxe5 fxe5 43. Nxe5 Nf6 44. Ng6 Nh7 45.
Qe6+ 1-0

[Event "78th Tata Steel GpB"]
[Site "Wijk aan Zee NED"]
[Date "2016.01.20"]
[Round "5"]
[White "Safarli,E"]
[Black "Ju Wenjun"]
[Result "1/2-1/2"]
[WhiteElo "2653"]
[BlackElo "2548"]
[EventDate "2016.01.15"]

1. e4 c5 2. Nf3 e6 3. d4 cxd4 4. Nxd4 Nc6 5. Nc3 Qc7 6. g3 a6 7. Bg2 Nf6 8.
O-O d6 9. Re1 Bd7 10. Nxc6 bxc6 11. e5 dxe5 12. Qe2 Bd6 13. b3 O-O 14. Bb2
Ra7 15. Nd1 c5 16. Bxe5 Bxe5 17. Qxe5 Bc6 18. Qxc5 Bxg2 19. Qxc7 Rxc7 20.
Kxg2 Rxc2 21. Ne3 Rc6 22. Rac1 Rfc8 23. Rxc6 Rxc6 24. Rd1 Kf8 25. Rd8+ Ke7
26. Ra8 Nd5 27. Nxd5+ exd5 28. Kf3 Ke6 29. Ke3 h5 30. Kd4 Rb6 31. f4 g6 32.
Kc5 Rd6 33. Re8+ Kd7 34. Re2 d4 35. Rd2 d3 36. b4 h4 37. a4 h3 38. b5 axb5
39. axb5 Kc7 40. Kc4 Kb6 41. Rxd3 Re6 42. Rd2 Re4+ 43. Kd3 Re1 44. Rb2 Rg1
45. Ke3 f5 46. Kf3 Rf1+ 47. Ke2 Rh1 48. Ke3 Rg1 49. Rd2 Re1+ 50. Kf3 Rf1+
51. Rf2 Rb1 1/2-1/2